000 00441nam a2200181Ia 4500
003 GCL
008 140319s9999 xx 000 0 eng d
040 _aGCL /
_cGCL
082 0 4 _a930.1
_bC M
100 1 _aCOOPER, MALCOLM
245 1 0 _aMANAGING ARCHAEOLOGY /
_cCOOPER, MALCOLM
260 _a[S.N] :
_bROUTLEDGE ،
_c1995
300 _a259 P
650 0 4 _aCIVILIZATION
650 0 4 _aHISTORY
650 0 4 _aARCHAEOLOGY
942 _2ddc
_cBK
999 _c10468
_d10468